Sonic (Запись № 12739936)
[ простой вид ]
| 000 -МАРКЕР | |
|---|---|
| контрольное поле | 01463nam1a2200361 4500 |
| 001 - ИДЕНТИФИКАТОР ЗАПИСИ | |
| контрольное поле | RU\NLR\BIBL_A\016221615 |
| 005 - ИДЕНТИФИКАТОР ВЕРСИИ | |
| контрольное поле | 20240922061017.0 |
| 035 ## - ДРУГИЕ СИСТЕМНЫЕ НОМЕРА | |
| Идентификатор записи | (NLR Aleph) 016221615 |
| 100 ## - ДАННЫЕ ОБЩЕЙ ОБРАБОТКИ | |
| Данные общей обработки | 20221129g20229999d y0rusy50 ca |
| 101 1# - ЯЗЫК РЕСУРСА | |
| Язык текста, звукозаписи и т.д. | русский |
| Язык оригинала | английский |
| 102 ## - СТРАНА ПУБЛИКАЦИИ ИЛИ ПРОИЗВОДСТВА | |
| Страна публикации | Российская Федерация |
| 105 ## - ПОЛЕ КОДИРОВАННЫХ ДАННЫХ: ТЕКСТОВЫЕ МАТЕРИАЛЫ, МОНОГРАФИЧЕСКИЕ | |
| Кодированные данные о монографическом текстовом документе | ||||t ||||| |
| 181 #0 - ПОЛЕ КОДИРОВАННЫХ ДАННЫХ: ВИД СОДЕРЖАНИЯ | |
| Код вида содержания (ISBD) | b3 |
| Код характеристики содержания (ISBD) | bb2e |
| 181 #0 - ПОЛЕ КОДИРОВАННЫХ ДАННЫХ: ВИД СОДЕРЖАНИЯ | |
| Код вида содержания (ISBD) | i2 |
| Код характеристики содержания (ISBD) | axxe |
| 182 #0 - ПОЛЕ КОДИРОВАННЫХ ДАННЫХ: ТИП СРЕДСТВА | |
| Код типа средства (ISBD) | n - непосредственное |
| 200 1# - ЗАГЛАВИЕ И СВЕДЕНИЯ ОБ ОТВЕТСТВЕННОСТИ | |
| Основное заглавие | Sonic |
| Сведения, относящиеся к заглавию | комикс |
| Первые сведения об ответственности | сюжет Йэна Флинна |
| Последующие сведения об ответственности | перевод с английского Анны Толубаевой |
| -- | под редакцией Димы Сыендука |
| -- | русский леттеринг Антона Рогозина |
| -- | иллюстрации Адама Брюса Томаса [и др.] |
| 203 ## - ВИД СОДЕРЖАНИЯ И ТИП СРЕДСТВА | |
| Вид содержания | Изображение |
| -- | Текст |
| Дополнительные сведения об издании | визуальные |
| Тип средства | непосредственные |
| 210 ## - ПУБЛИКАЦИЯ, РАСПРОСТРАНЕНИЕ И ДР. | |
| Место издания, распространения и т.д. | Москва |
| Имя издателя, распространителя и т. д. | Эксмо |
| Дата издания, распространения и т.д. | 2022 |
| 215 ## - ФИЗИЧЕСКАЯ ХАРАКТЕРИСТИКА | |
| Размеры | 27 |
| 225 1# - СЕРИЯ | |
| Основное заглавие серии | Серия "Sonic. Комиксы" |
| 225 1# - СЕРИЯ | |
| Основное заглавие серии | Новый фанатский перевод! |
| 333 ## - ПРИМЕЧАНИЯ ОБ ОСОБЕННОСТЯХ РАСПРОСТРАНЕНИЯ И ИСПОЛЬЗОВАНИЯ | |
| Текст примечания | 12+ |
| 686 0# - ИНДЕКСЫ ДРУГИХ КЛАССИФИКАЦИЙ | |
| Индекс | Ш9(7США)62-4 |
| 686 1# - ИНДЕКСЫ ДРУГИХ КЛАССИФИКАЦИЙ | |
| Индекс | Щ153(7США)65-475 |
| 702 #1 - ИМЯ ЛИЦА - ВТОРИЧНАЯ ОТВЕТСТВЕННОСТЬ | |
| Код отношения | Прочие |
| Графика поля | Кириллица |
| Материалы, к которым относится поле | rus |
| Начальный элемент ввода | Флинн |
| Часть имени, кроме начального элемента ввода | И. |
| Даты | 1982- |
| Расширение инициалов личного имени | Иэн |
| Системный номер авторитетной/нормативной записи | 220510 |
| Идентификатор авторитетной/нормативной записи | RU\NLR\AUTH\770220566 |
| 702 #1 - ИМЯ ЛИЦА - ВТОРИЧНАЯ ОТВЕТСТВЕННОСТЬ | |
| Код отношения | Карикатурист, Художник |
| Графика поля | Кириллица |
| Материалы, к которым относится поле | rus |
| Начальный элемент ввода | Томас |
| Часть имени, кроме начального элемента ввода | А. Б. |
| Даты | 1988- |
| Расширение инициалов личного имени | Адам Брюс |
| Системный номер авторитетной/нормативной записи | 245535 |
| Идентификатор авторитетной/нормативной записи | RU\NLR\AUTH\770245591 |
| 852 ## - МЕСТОНАХОЖДЕНИЕ И ШИФР ХРАНЕНИЯ | |
| Идентификатор организации | NLR |
| Шифр хранения (Call Number) | 2022-7/8980 |
| 942 ## - ДОПОЛНИТЕЛЬНЫЕ ЭЛЕМЕНТЫ ЗАПИСИ (АБИС) | |
| Тип экземпляра АБИС | Книга |
Нет доступных экземпляров.